[Event "Stay Safe Play From Home 364"]
[Site "Emanuel Lasker Arena"]
[Date "2020.08.07"]
[Round "1"]
[White "Tran Minh Thang"]
[Black "Cirovicz"]
[Result "1-0"]
[WhiteElo "2429"]
[BlackElo "1784"]
[Annotator "TA"]
[PlyCount "63"]
[EventDate "2020.08.07"]
[EventType "swiss (blitz)"]

{[%evp 9,62,10,8,-37,6,11,41,13,11,10,30,32,171,162,161,181,159,78,200,67,74,50,69,46,75,62,107,24,25,17,58,28,133,135,129,65,195,189,1237,1181,1108,1066,29992,29993,29993,29990,29986,1803,29992,29993,29996,29997,29998,29999,29999]} 1. b3 e6 2. Bb2 d5 3. Nf3 Nf6 4. e3 c5 5. c4 Nc6 6. a3 {A13: English Opening: 1...e6.} dxc4 7. bxc4 {[#]} Bd7 $146 ({Predecessor:} 7... b6 8. Qc2 Bb7 9. Bd3 Bd6 10. Nc3 Qe7 11. Ne4 Nxe4 12. Bxe4 f5 13. Bxc6+ Bxc6 {½-½ (55) Maris,I (2399)-Das,A (2439) Dieren 2019}) 8. Qc2 {White is slightly better.} Bd6 9. Be2 Qc7 10. Nc3 O-O-O (10... Na5 $14) 11. Nb5 $18 Qb8 12. Nxd6+ Qxd6 13. Bc3 (13. d4 $142) 13... Qe7 {[#]} (13... e5 $16 {was worth a try.}) 14. Rb1 ({White has to play} 14. d4 $1 $18) 14... e5 $1 $14 15. d3 Bg4 16. h3 Bh5 $1 17. O-O $36 {[%mdl 2048] Black is under pressure.} Bg6 18. Rfd1 ({Better is} 18. Nh4 $16) 18... e4 $1 $11 {[%cal Re4f3]} 19. Ne1 exd3 20. Bxd3 Bxd3 (20... b6 $11) 21. Nxd3 $16 ({Much weaker is} 21. Rxd3 $6 b6 $11) 21... Ne4 22. Ba1 ({White should try} 22. Bxg7 $16 Rhg8 23. Ba1) 22... Qh4 ({Black should play} 22... f5 $14) 23. Nf4 $18 ({Not} 23. Bxg7 Rhg8 $14) 23... g5 $2 (23... Rhe8 24. Bxg7 b6 25. Rxd8+ Qxd8) 24. Qxe4 gxf4 25. Bxh8 {Hoping for Qf5+.} Rg8 26. Qf5+ Kb8 27. Be5+ Ka8 28. Bxf4 (28. Qxf7 $142 Rb8 29. Bxb8 Qe7 30. Qxe7 Nxe7 31. Bxf4 b6 32. Rd8+ Nc8 33. Rxc8+ Kb7 34. Rc7+ {[%mdl 64] Double Attack} Ka6 35. Rd1 h6 36. Bxh6 b5 37. Rd6+ Ka5 38. Rxa7#) 28... h5 {[#]} 29. Rxb7 $1 {White mates.} Kxb7 30. Qd7+ Ka6 31. Qxc6+ {[%mdl 64] Double Attack} Ka5 32. Bc7# {Accuracy: White = 52%, Black = 38%.} 1-0

[Event "Stay Safe Play From Home 364"]
[Site "Emanuel Lasker Arena"]
[Date "2020.08.07"]
[Round "1"]
[White "AChessPlayer"]
[Black "NTBT_DHS"]
[Result "1/2-1/2"]
[WhiteElo "2380"]
[BlackElo "2591"]
[Annotator "TA"]
[PlyCount "109"]
[EventDate "2020.08.07"]
[EventType "swiss (blitz)"]

{[%evp 14,109,10,-13,17,-32,-42,-37,-36,-55,-48,-36,-35,-33,-24,-29,-28,-53,-47,-47,0,0,0,0,82,72,63,0,0,0,0,-16,50,0,0,-71,-75,-85,-85,-92,-37,-110,-12,-27,27,0,62,44,37,-106,-89,-71,-31,-62,0,-83,-108,-210,-79,-213,-88,-95,-105,-85,-95,-105,-23,-30,0,20,191,0,0,0,0,0,0,0,0,0,0,0,0,0,0,0,0,0,0,0,0,0,0,0,0,0,0,0]} 1. Nf3 g6 2. g3 Bg7 3. Bg2 Nf6 4. O-O O-O 5. d3 d6 6. Nbd2 c5 7. e4 Nc6 8. c3 b5 {A05: Réti Opening: 1 Nf3 Nf6.} 9. a4 {[#] Hoping for e5.} b4 $1 {[#]} 10. d4 $146 ({Predecessor:} 10. Nc4 Nd7 11. Bg5 bxc3 12. bxc3 Bxc3 13. Rb1 Rb8 14. Nxd6 h6 15. Nb5 hxg5 16. Nxc3 {0-1 (23) Enguidanos Gimeno,S (1630)-Varend,E (1400) LSS email 2010}) 10... bxc3 {Black is slightly better.} 11. bxc3 cxd4 12. cxd4 Ba6 13. Re1 Nb4 14. Bf1 Bxf1 15. Nxf1 a5 16. Ba3 d5 17. e5 Ne4 18. N3d2 Nc3 (18... Ng5 $11 {remains equal.}) 19. Qb3 $16 Rc8 20. Rac1 (20. Bxb4 $14 axb4 21. Qxb4) 20... Nca2 21. Rxc8 Qxc8 22. Ne3 Rd8 ({Black should try} 22... e6 $11) 23. Bxb4 Nxb4 24. Qb1 (24. Nb1 $11) 24... Qc3 $17 25. Nf3 Rc8 26. Kg2 e6 (26... Bh6 $17) 27. h4 (27. Ng4 $1 $15) 27... Bh6 ({Black should play} 27... h5 $17 {Threatening ...Bh6.} 28. g4 Bh6) 28. Ng4 $11 Bg7 ({Better is} 28... Kg7) 29. Re3 (29. Nf6+ {is more complex.} Bxf6 30. exf6 Nc2 31. Rd1 Nb4 32. Ne5) 29... Qc2 (29... Qc6 $11) 30. Qxc2 $14 Rxc2 31. Ng5 {[#]} (31. Nf6+ $14 {stays ahead.} Bxf6 32. exf6) 31... h6 $1 $17 {[%cal Rh6g5]} 32. Nf3 Rc4 33. Rb3 h5 (33... Kf8 $15) 34. Ne3 (34. Nf6+ $1 $11 {was the only way to keep the balance.} Kf8 35. Kg1) 34... Rc1 35. Nd2 (35. g4 $17) 35... Bf8 (35... Ra1 $19 {is more deadly.} 36. Rc3 Rxa4) 36. Nb1 (36. Rb1 $17 Rc3 37. Rb3) 36... Nc2 (36... Nc6 $19 37. Rc3 Rxc3 38. Nxc3 Nxd4) 37. Nxc2 Rxc2 {[%mdl 4096] Endgame KRB-KRN} 38. Nc3 Bb4 39. Nb5 Be1 (39... Ra2 $17 40. Na7 Rxa4) 40. Rf3 $11 Ra2 41. Nd6 $1 Rd2 $2 (41... Rxa4 $11 {and Black stays safe.} 42. Nxf7 Bc3) 42. Nxf7 $2 (42. Kf1 $18 Rd1 43. Ke2) 42... Bxf2 {The position is equal.} 43. Rxf2 Rxf2+ 44. Kxf2 Kxf7 $18 {KP-KP} 45. Kf3 Kg7 46. Kf4 {Threatens to win with Kg5.} Kh6 47. g4 hxg4 48. Kxg4 Kh7 $1 49. Kg5 {Strongly threatening Kf6.} Kg7 50. h5 gxh5 51. Kxh5 Kh7 52. Kg5 {White threatens Kf6 and mate.} Kg7 53. Kh5 {Threatening mate with Kg5.} Kh7 $1 54. Kg5 {Kf6 would kill now.} Kg7 55. Kh5 {Accuracy: White = 64%, Black = 51%.} 1/2-1/2

[Event "Stay Safe Play From Home 364"]
[Site "Emanuel Lasker Arena"]
[Date "2020.08.07"]
[Round "1"]
[White "Lamborghini"]
[Black "Lingon"]
[Result "1-0"]
[WhiteElo "2334"]
[BlackElo "1620"]
[Annotator "TA"]
[PlyCount "13"]
[EventDate "2020.08.07"]
[EventType "swiss (blitz)"]

{[%evp 9,13,-770,-762,-758,-744,-1178]} 1. e4 d5 2. exd5 Bg4 3. Nc3 ({Predecessor:} 3. Qxg4 Nf6 4. Qa4+ Nbd7 5. Nc3 g6 6. g3 Bg7 7. Bb5 O-O 8. Bxd7 Nxd7 9. Nf3 Nc5 10. Qc4 {1-0 (27) Oesterberg,S (1724)-Babugeon,J (1838) ICCF email 2013}) 3... Bxd1 4. Kxd1 Nf6 5. d3 Nxd5 6. Nge2 {B01: Scandinavian Defence.} Nxc3+ 7. Kd2 {[%mdl 32768] Sensor Board Error (Ke4/e5)?} 1-0

[Event "Stay Safe Play From Home 364"]
[Site "Emanuel Lasker Arena"]
[Date "2020.08.07"]
[Round "1"]
[White "BrainThinker22"]
[Black "TheCHESSHOUSE"]
[Result "1-0"]
[WhiteElo "2327"]
[BlackElo "2063"]
[Annotator "NA"]
[PlyCount "87"]
[EventDate "2020.08.07"]
[EventType "swiss (blitz)"]

1. e4 {[%emt 0:00:02]} c5 {[%emt 0:00:01]} 2. Nc3 {[%emt 0:00:01]} d6 {[%emt 0:00:00]} 3. g3 {[%emt 0:00:00]} Nf6 {[%emt 0:00:01]} 4. Bg2 {[%emt 0:00:00]} g6 {[%emt 0:00:00]} 5. h3 {[%emt 0:00:00]} Bg7 {[%emt 0:00:00]} 6. d3 {[%emt 0:00:00]} Nc6 {[%emt 0:00:00]} 7. Be3 {[%emt 0:00:00]} O-O {[%emt 0:00:00]} 8. Qd2 {[%emt 0:00:00]} Bd7 {[%emt 0:00:00]} 9. Nge2 {[%emt 0:00:00]} a6 {[%emt 0:00:00]} 10. O-O {[%emt 0:00:01]} Rc8 {[%emt 0:00:00]} 11. f4 {[%emt 0:00:01]} b5 {[%emt 0:00:00]} 12. a3 {[%emt 0:00:01]} e6 {[%emt 0:00:01]} 13. g4 {[%emt 0:00:00]} Qc7 {[%emt 0:00:01]} 14. e5 {[%emt 0:00:01]} dxe5 {[%emt 0:00:01]} 15. Bxc5 {[%emt 0:00:01]} Rfd8 {[%emt 0:00:01]} 16. Ne4 {[%emt 0:00:01]} Nxe4 {[%emt 0:00:02]} 17. Bxe4 {[%emt 0:00:02]} exf4 {[%emt 0:00:01]} 18. Qxf4 {[%emt 0:00:01]} Ne5 {[%emt 0:00:03]} 19. Bd4 {[%emt 0:00:04]} Bc6 {[%emt 0:00:07]} 20. Bxc6 {[%emt 0:00:05]} Nxc6 {[%emt 0:00:00]} 21. Bxg7 {[%emt 0:00:02]} Kxg7 {[%emt 0:00:01]} 22. Rad1 {[%emt 0:00:05]} Qxf4 {[%emt 0:00:02]} 23. Rxf4 {[%emt 0:00:00]} e5 {[%emt 0:00:02]} 24. Re4 {[%emt 0:00:03]} f6 {[%emt 0:00:05]} 25. c3 {[%emt 0:00:01]} f5 {[%emt 0:00:02]} 26. Re3 {[%emt 0:00:01]} Kf6 {[%emt 0:00:03]} 27. Kf2 {[%emt 0:00:03]} Ne7 {[%emt 0:00:01]} 28. d4 {[%emt 0:00:02]} e4 {[%emt 0:00:01]} 29. Nf4 {[%emt 0:00:02]} Nd5 {[%emt 0:00:03]} 30. Nxd5+ {[%emt 0:00:01]} Rxd5 {[%emt 0:00:00]} 31. Kg3 {[%emt 0:00:02]} h6 {[%emt 0:00:02]} 32. gxf5 {[%emt 0:00:00]} gxf5 {[%emt 0:00:01]} 33. Rf1 {[%emt 0:00:01]} Rg8+ {[%emt 0:00:01]} 34. Kh2 {[%emt 0:00:01]} Rg5 {[%emt 0:00:02]} 35. Rxe4 {[%emt 0:00:01]} Rd6 {[%emt 0:00:04]} 36. Re5 {[%emt 0:00:02]} Kg6 {[%emt 0:00:01]} 37. Rf2 {[%emt 0:00:01]} Rf6 {[%emt 0:00:01]} 38. Rg2 {[%emt 0:00:01]} Kh5 {[%emt 0:00:01]} 39. Rxg5+ {[%emt 0:00:01]} hxg5 {[%emt 0:00:00]} 40. Kg3 {[%emt 0:00:00]} f4+ {[%emt 0:00:01]} 41. Kf3 {[%emt 0:00:00]} Kh4 {[%emt 0:00:00]} 42. d5 {[%emt 0:00:00]} Kxh3 {[%emt 0:00:01]} 43. Rxg5 {[%emt 0:00:01]} Rd6 {[%emt 0:00:01]} 44. Rh5# {[%emt 0:00:00] (Lag: Av=0.78s, max=1.3s) (Lag: Av=0.78s, max=1.3s) (Lag: Av=0.78s, max=1.3s) (Lag: Av=0.78s, max=1.3s) (Lag: Av=0.78s, max=1.3s)} 1-0

[Event "Stay Safe Play From Home 364"]
[Site "Emanuel Lasker Arena"]
[Date "2020.08.07"]
[Round "1"]
[White "Stefanone"]
[Black "Trotsky"]
[Result "1-0"]
[WhiteElo "1952"]
[BlackElo "1559"]
[Annotator "TA"]
[PlyCount "71"]
[EventDate "2020.08.07"]
[EventType "swiss (blitz)"]

{[%evp 9,71,31,38,6,89,-20,0,-17,33,-60,-65,0,125,93,114,46,72,32,62,12,49,0,8,-108,256,248,400,205,294,180,287,149,179,116,131,0,0,-721,-664,-909,-139,-149,-146,-247,84,74,94,-1987,-1880,-1665,-1497,-1497,-930,-1558,-520,-29980,-29981,-29969,-29972,-2723,-1812,-1453,-1169,-1650]} 1. d4 d5 2. Nf3 e6 3. g3 c5 4. Bg2 Nc6 5. O-O Bd6 6. c3 {D02: 1 d4 d5 2 Nf3 sidelines, including 2...Nf6 3 g3 and 2...Nf6 3 Bf4.} Qc7 {[#]} (6... Nf6 $11 {remains equal.}) 7. h4 $146 (7. c4 $16) ({Predecessor:} 7. dxc5 Bxc5 8. Nbd2 f5 9. c4 dxc4 10. Nxc4 Nf6 11. Bf4 Qe7 12. Nd6+ Bxd6 13. Bxd6 {1-0 (35) Miranda Neto,J (2127)-Felix,M (1996) Maceio 2010}) 7... Nf6 8. Bg5 {The position is equal.} Ng4 9. e3 ({White should play} 9. Na3 $14) 9... f6 $15 10. Bf4 h5 (10... e5 $11 11. dxe5 fxe5) 11. Bxd6 Qxd6 {[#]} 12. Qe2 (12. c4 $1 $16 {[%mdl 512]}) 12... Bd7 13. Nbd2 O-O-O 14. e4 g5 15. e5 (15. hxg5 cxd4 16. gxf6 (16. Nxd4 fxg5 17. Nb5 Qf8 $14) 16... dxc3 $16) 15... fxe5 16. Nxe5 (16. Nxg5 $11 {keeps the balance.} Rdf8 17. dxe5 Ncxe5 18. Rae1) 16... c4 $2 {[%mdl 8192]} (16... gxh4 $17 17. Nf7 {[%mdl 64] Double Attack} (17. Nxg4 $2 hxg4 18. dxc5 Qe7 $19) 17... Qc7 18. Nxd8 (18. Nxh8 Rxh8 19. Qd3 hxg3 $15) 18... Rxd8) 17. Nf7 $18 {[%mdl 64] Double Attack} (17. Nxg4 hxg4 18. hxg5 (18. Qxg4 gxh4 19. Qf4 Qxf4 $17) 18... e5 $14) (17. hxg5 Ngxe5 18. dxe5 Qxe5 $11) 17... Qc7 $2 (17... Qe7) 18. Nxg5 ({Not} 18. Nxd8 Qxd8 19. hxg5 Qxg5 $18) (18. hxg5 $142 Rhg8 19. f3) 18... Rdf8 (18... Rde8 $142 19. b3 cxb3) 19. f4 e5 (19... Qb6 $142) 20. dxe5 ({Better is} 20. fxe5 $18 {Strongly threatening Nf7.} Bf5 21. Rf4) 20... Ne7 21. e6 (21. Rf2 $18) 21... Bc6 22. Ngf3 (22. Rab1 $16) 22... Nf5 $11 23. Ne5 $2 {[%mdl 8192]} (23. Qe1 $11) 23... Nxg3 $19 24. Qf3 Ne4 $2 (24... Qb6+ $19 {is more deadly.} 25. Rf2 Rxf4 $1 {[%mdl 512]} 26. Nxg4 Rxf3 27. Nxf3 hxg4) 25. Nxe4 dxe4 26. Qe2 {[#]} (26. Qh3 $17 Nxe5 27. e7+ (27. fxe5 Kb8 $15) 27... Ng4 28. exf8=N (28. exf8=B Rxf8 29. Rae1 Rxf4 $17) 28... Rxf8 29. Rad1) 26... Rxf4 $2 (26... Qb6+ $1 $19 27. Kh1 Nxe5 28. fxe5 Qd8 29. Rxf8 Rxf8 30. Qxh5 Rf4) 27. Rxf4 $16 Qxe5 28. e7 $2 {[%mdl 8192]} (28. Raf1 $16) 28... Qxf4 $19 29. Rd1 Qh2+ {[%mdl 64] Double Attack} 30. Kf1 Re8 31. Rd8+ Kc7 (31... Rxd8 $142 32. exd8=Q+ Kxd8 33. Bxe4 Qf4+ 34. Ke1 Bxe4 35. Qd2+ Qxd2+ 36. Kxd2 Kd7) 32. Bxe4 (32. Rxe8 $19 Qf4+ {[%mdl 64] Zwischenzug} 33. Kg1 Bxe8 34. Bxe4) 32... Qh3+ 33. Ke1 Rxe7 34. Rd4 Rxe4 35. Rxe4 Bxe4 36. Qxe4 {[%mdl 32768] Accuracy: White = 11%, Black = 22%. . Loss on time!?} 1-0

[Event "Stay Safe Play From Home 364"]
[Site "Emanuel Lasker Arena"]
[Date "2020.08.07"]
[Round "1"]
[White "Padmaesh M K"]
[Black "Lazieri3"]
[Result "1-0"]
[WhiteElo "1788"]
[BlackElo "2075"]
[Annotator "TA"]
[PlyCount "83"]
[EventDate "2020.08.07"]
[EventType "swiss (blitz)"]

{[%evp 9,83,7,45,30,95,101,187,87,459,126,189,77,131,70,369,385,370,364,379,377,366,357,444,457,779,764,1024,974,1165,1133,1324,1260,1247,860,854,800,785,768,820,821,816,804,809,785,29980,29981,29981,2877,5563,3796,29991,2255,2081,1727,1781,1787,2977,2862,3360,3386,4352,1831,29989,29990,29991,29992,29992,29993,29995,1512,29992,29993,29993,29991,29996,47]} 1. Nf3 c6 2. g3 d5 3. Bg2 Nf6 4. O-O Bf5 5. c4 Qc8 {[#]} 6. Na3 $146 {A11: English Opening: 1...c6.} ({Predecessor:} 6. cxd5 cxd5 7. Nc3 Nc6 8. d4 e6 9. Bf4 Be7 10. Nb5 O-O 11. Nc7 Rb8 12. Nb5 Ra8 13. Nc7 Rb8 {½-½ (13) Frois,A (2354)-Starostits,I (2511) Mondariz 2007}) 6... dxc4 (6... h6 $11 {remains equal.}) 7. Nxc4 $16 Bh3 (7... Nbd7 $16 {might work better.}) 8. d4 (8. Bxh3 $1 $18 {and White stays clearly on top.} Qxh3 9. Qb3) 8... h5 $2 {[%mdl 8192]} (8... Bxg2 $16 9. Kxg2 Nbd7) 9. Bg5 $2 (9. Bxh3 $18 {and the rest is easy.} Qxh3 10. Qb3) 9... Ne4 (9... Bxg2 $16 10. Kxg2 e6) 10. Bh4 (10. Qd3 $18 Be6 11. Rac1 (11. Qxe4 Bxc4 12. Rfc1 Qe6 $16) 11... Bxc4 12. Rxc4 (12. Qxc4 e6 $16)) 10... f6 ({Black should try} 10... Bxg2 11. Kxg2 Qe6) 11. Qd3 (11. Bxh3 $1 $16 Qxh3 12. Qd3) 11... Nd6 $2 {[%mdl 8192]} (11... Bf5 $14) 12. Qg6+ $18 ({Much less strong is} 12. Nxd6+ exd6 13. Qg6+ Ke7 $18) 12... Kd8 13. Nxd6 exd6 {[#]} 14. Bxf6+ $1 {[%mdl 576] Double Attack} Kc7 {With the idea ...Bxg2.} (14... gxf6 15. Qxf6+) 15. Bxg7 Bxg7 16. Qxg7+ Nd7 (16... Bd7 $142 17. d5 Qf8) 17. Bxh3 Rd8 {[#]} 18. d5 $1 c5 (18... cxd5 19. Rac1+) 19. Ng5 Kb6 20. Ne6 Rg8 21. Qc3 a6 22. Qb3+ Ka7 23. a4 {[%cal Ba2a4,Ba4a5][%mdl 32]} h4 24. a5 hxg3 25. fxg3 Rh8 26. Bg2 Ne5 27. Qb6+ {[%mdl 64] Double Attack} Kb8 28. Qxd6+ {[%mdl 64] Double Attack} Ka7 29. Qxe5 Qb8 30. Qc3 (30. d6 $142 Rh5 31. Qxh5 Qxd6 32. Rf7 $1 {[%mdl 512]} Rb8 33. Qf3 Qe7 34. Rxe7 Ka8 35. Qxb7+ $1 {[%mdl 512]} Rxb7 36. Rxb7 c4 37. Nc7#) 30... Qd6 31. Nf4 Rac8 32. e4 Rhf8 33. e5 Qh6 34. d6 Rfd8 35. d7 c4 36. Qd4+ Ka8 37. e6 Rc7 38. e7 Rcxd7 39. e8=Q (39. exd8=R+ $142 Rxd8 40. Qxd8+ Ka7 41. Qc7 $1 {[%mdl 576] Double Attack} Qxh2+ 42. Kxh2 Ka8 43. Qxb7#) 39... Rxe8 40. Qxd7 {[%csl Gg2][%cal Rd7b7][%mdl 64] Double Attack. White mates.} Rb8 41. Qd4 Qxf4 42. Qxc4 $2 {Accuracy: White = 36%, Black = 17%.} (42. Rxf4 {mates} Re8 {[#]} 43. Qb6 $1 {[%mdl 512]} Re7 44. Rf8+ Re8 45. Rxe8#) 1-0

[Event "Stay Safe Play From Home 364"]
[Site "Emanuel Lasker Arena"]
[Date "2020.08.07"]
[Round "1"]
[White "Ao017545"]
[Black "Hickey"]
[Result "0-1"]
[WhiteElo "1705"]
[BlackElo "2103"]
[Annotator "NA RC"]
[PlyCount "42"]
[EventDate "2020.08.07"]
[EventType "swiss (blitz)"]

1. e4 {[%emt 0:00:01]} c6 {[%emt 0:00:02]} 2. Nf3 {[%emt 0:00:00]} d5 {[%emt 0:00:00]} 3. exd5 {[%emt 0:00:02]} cxd5 {[%emt 0:00:01]} 4. Nc3 {[%emt 0:00:00]} Nf6 {[%emt 0:00:00]} 5. d4 {[%emt 0:00:00]} Bg4 {[%emt 0:00:01]} 6. Be2 {[%emt 0:00:01]} e6 {[%emt 0:00:00]} 7. h3 {[%emt 0:00:01]} Bxf3 {[%emt 0:00:01]} 8. Bxf3 {[%emt 0:00:02]} Nc6 {[%emt 0:00:00]} 9. Ne2 {[%emt 0:00:01]} Bd6 {[%emt 0:00:00]} 10. c3 {[%emt 0:00:01]} O-O {[%emt 0:00:00]} 11. Bf4 {[%emt 0:00:02]} b5 {[%emt 0:00:04]} 12. Bxd6 {[%emt 0:00:02]} Qxd6 {[%emt 0:00:00]} 13. Ng3 {[%emt 0:00:00]} Rfc8 {[%emt 0:00:03]} 14. b4 {[%emt 0:00:01]} a5 {[%emt 0:00:01]} 15. a3 {[%emt 0:00:03]} Qc7 {[%emt 0:00:03]} 16. Qd3 {[%emt 0:00:05]} axb4 {[%emt 0:00:02]} 17. cxb4 {[%emt 0:00:04]} Nxb4 {[%emt 0:00:02]} 18. Qxb5 {[%emt 0:00:06]} Nc2+ {[%emt 0:00:02]} 19. Kd2 {[%emt 0:00:00]} Qc3+ {[%emt 0:00:03]} 20. Ke2 {[%emt 0:00:07]} Nxd4+ {[%emt 0:00:02]} 21. Kf1 {[%emt 0:00:03]} Qxa1+ {[%emt 0:00:05] Ao017545 terk eder Ao017545 terk eder Ao017545 terk eder Ao017545 terk eder Ao017545 terk eder (Lag: Av=0.84s, max=2.6s) (Lag: Av=0.84s, max=2.6s) (Lag: Av=0.84s, max=2.6s) (Lag: Av=0.84s, max=2.6s) (Lag: Av=0.84s, max=2.6s)} 0-1

[Event "Stay Safe Play From Home 364"]
[Site "Emanuel Lasker Arena"]
[Date "2020.08.07"]
[Round "2"]
[White "Tran Minh Thang"]
[Black "Lamborghini"]
[Result "1-0"]
[WhiteElo "2429"]
[BlackElo "2335"]
[Annotator "RC"]
[PlyCount "143"]
[EventDate "2020.08.07"]
[EventType "swiss (blitz)"]

1. d4 {[%emt 0:00:04]} Nf6 {[%emt 0:00:01]} 2. Bf4 {[%emt 0:00:00]} g6 {[%emt 0:00:00]} 3. e3 {[%emt 0:00:00]} Bg7 {[%emt 0:00:00]} 4. Nd2 {[%emt 0:00:00]} O-O {[%emt 0:00:00]} 5. Ngf3 {[%emt 0:00:00]} d6 {[%emt 0:00:00]} 6. c3 {[%emt 0:00:00]} Nbd7 {[%emt 0:00:00]} 7. h3 {[%emt 0:00:00]} c5 {[%emt 0:00:00]} 8. Be2 {[%emt 0:00:01]} b6 {[%emt 0:00:00]} 9. O-O {[%emt 0:00:00]} Bb7 {[%emt 0:00:00]} 10. a4 {[%emt 0:00:00]} a6 {[%emt 0:00:00]} 11. Bh2 {[%emt 0:00:01]} Rc8 {[%emt 0:00:01]} 12. Re1 {[%emt 0:00:01]} Rc7 {[%emt 0:00:01]} 13. Bf1 {[%emt 0:00:01]} Qa8 {[%emt 0:00:00]} 14. Qb3 {[%emt 0:00:02]} Rfc8 {[%emt 0:00:01]} 15. Ng5 {[%emt 0:00:03]} Bd5 {[%emt 0:00:01]} 16. Bc4 {[%emt 0:00:03]} cxd4 {[%emt 0:00:03]} 17. Bxd5 {[%emt 0:00:01]} Qxd5 {[%emt 0:00:02]} 18. Qxd5 {[%emt 0:00:01]} Nxd5 {[%emt 0:00:01]} 19. exd4 {[%emt 0:00:00]} Bh6 {[%emt 0:00:03]} 20. Ndf3 {[%emt 0:00:02]} N7f6 {[%emt 0:00:01]} 21. Ne4 {[%emt 0:00:01]} Nxe4 {[%emt 0:00:02]} 22. Rxe4 {[%emt 0:00:00]} Nf6 {[%emt 0:00:02]} 23. Re2 {[%emt 0:00:01]} Nd5 {[%emt 0:00:04]} 24. Re4 {[%emt 0:00:02]} Kf8 {[%emt 0:00:01]} 25. Rae1 {[%emt 0:00:01]} f5 {[%emt 0:00:04]} 26. Re6 {[%emt 0:00:01]} Nf4 {[%emt 0:00:02]} 27. Bxf4 {[%emt 0:00:09]} Bxf4 {[%emt 0:00:00]} 28. g3 {[%emt 0:00:01]} Bh6 {[%emt 0:00:01]} 29. d5 {[%emt 0:00:01]} Bg7 {[%emt 0:00:01]} 30. Ng5 {[%emt 0:00:02]} h6 {[%emt 0:00:01]} 31. Nf3 {[%emt 0:00:03]} Bf6 {[%emt 0:00:01]} 32. g4 {[%emt 0:00:02]} fxg4 {[%emt 0:00:01]} 33. hxg4 {[%emt 0:00:00]} Kf7 {[%emt 0:00:01]} 34. g5 {[%emt 0:00:01]} hxg5 {[%emt 0:00:02]} 35. R6e4 {[%emt 0:00:01]} Rc4 {[%emt 0:00:01]} 36. Nd2 {[%emt 0:00:00]} Rxe4 {[%emt 0:00:02]} 37. Rxe4 {[%emt 0:00:00]} Rh8 {[%emt 0:00:02]} 38. Nc4 {[%emt 0:00:01]} Rb8 {[%emt 0:00:02]} 39. b4 {[%emt 0:00:02]} b5 {[%emt 0:00:01]} 40. axb5 {[%emt 0:00:02]} axb5 {[%emt 0:00:00]} 41. Na5 {[%emt 0:00:00]} Rh8 {[%emt 0:00:02]} 42. Nc6 {[%emt 0:00:01]} Rh3 {[%emt 0:00:01]} 43. c4 {[%emt 0:00:00]} bxc4 {[%emt 0:00:01]} 44. Rxc4 {[%emt 0:00:00]} Rd3 {[%emt 0:00:01]} 45. b5 {[%emt 0:00:02]} Rd1+ {[%emt 0:00:00]} 46. Kg2 {[%emt 0:00:01]} Rxd5 {[%emt 0:00:00]} 47. Rb4 {[%emt 0:00:00]} Bd4 {[%emt 0:00:02]} 48. Nxd4 {[%emt 0:00:01]} e5 {[%emt 0:00:01]} 49. Ne2 {[%emt 0:00:01]} g4 {[%emt 0:00:00]} 50. b6 {[%emt 0:00:00]} Rc5 {[%emt 0:00:01]} 51. b7 {[%emt 0:00:00]} e4 {[%emt 0:00:00]} 52. b8=Q {[%emt 0:00:01]} Re5 {[%emt 0:00:00]} 53. Qb7+ {[%emt 0:00:00]} Re7 {[%emt 0:00:01]} 54. Rxe4 {[%emt 0:00:00]} Rxb7 {[%emt 0:00:01]} 55. Rf4+ {[%emt 0:00:00]} Kg7 {[%emt 0:00:01]} 56. Rxg4 {[%emt 0:00:00]} Re7 {[%emt 0:00:00]} 57. Rg3 {[%emt 0:00:00]} Rxe2 {[%emt 0:00:01]} 58. Rd3 {[%emt 0:00:00]} Re6 {[%emt 0:00:01]} 59. Rd4 {[%emt 0:00:00]} Rf6 {[%emt 0:00:00]} 60. Rd1 {[%emt 0:00:00]} Kf7 {[%emt 0:00:00]} 61. Kf1 {[%emt 0:00:00]} Ke7 {[%emt 0:00:00]} 62. Ra1 {[%emt 0:00:00]} Kd7 {[%emt 0:00:00]} 63. Ra7+ {[%emt 0:00:00]} Ke6 {[%emt 0:00:01]} 64. Ra6 {[%emt 0:00:00]} Kf5 {[%emt 0:00:00]} 65. Ra4 {[%emt 0:00:00]} d5 {[%emt 0:00:00]} 66. Ra5 {[%emt 0:00:00]} Ke5 {[%emt 0:00:00]} 67. Ra3 {[%emt 0:00:00]} Rf5 {[%emt 0:00:00]} 68. Rd3 {[%emt 0:00:00]} Rf4 {[%emt 0:00:00]} 69. Rd1 {[%emt 0:00:00]} Re4 {[%emt 0:00:00]} 70. Re1 {[%emt 0:00:00]} d4 {[%emt 0:00:00]} 71. Rd1 {[%emt 0:00:00]} Re3 {[%emt 0:00:01]} 72. Rd2 {[%emt 0:00:00] Zeit Zeit Zeit Zeit Zeit} 1-0